Normal view
MARC view
- Ashok Kumar Jain
Entry Personal Name
001 - CONTROL NUMBER
- control field: 26014
003 - CONTROL NUMBER IDENTIFIER
- control field: NUST
005 - DATE AND TIME OF LATEST TRANSACTION
- control field: 20191121121458.0
008 - FIXED-LENGTH DATA ELEMENTS
- fixed length control field: 191121|| aca||aabn | a|a d
040 ## - CATALOGING SOURCE
- Original cataloging agency: NUST
- Transcribing agency: NUST
100 ## - HEADING--PERSONAL NAME
- Personal name: Ashok Kumar Jain
670 ## - SOURCE DATA FOUND
- Source citation: Work cat.: (NUST): Ashok Kumar Jain, Urban Transport: Planning and Management, c2009
